| 000 | 00615nam a2200217 a 4500 | ||
|---|---|---|---|
| 005 | 20240910064221.0 | ||
| 008 | 190212s2002 es r 000 0 spa d | ||
| 020 | _a8474328942 | ||
| 035 | _aUPN01000229040 | ||
| 049 | _aCG | ||
| 050 | 4 |
_aGN345 _bA5.7 |
|
| 245 | 0 | 0 |
_aAntropología y complejidad / _ccomp. Rafael Pérez-Taylor. |
| 260 |
_aBarcelona, Esp. : _bGedisa, _c2002. |
||
| 300 |
_a190 p. : _bil. |
||
| 440 | 0 |
_aCla.De.Ma. _pAntropología |
|
| 650 | 2 |
_aAntropología _94499 |
|
| 650 | 2 |
_aComplejidad (Filosofía) _99823 |
|
| 700 | 1 |
_aPérez-Taylor, Rafael, _ecomp. |
|
| 905 | _aLibro | ||
| 999 |
_c201135 _d201135 |
||